Saint Denis (93) - Choix multiples - Statistiques

Statistiques générales
  • Ce quiz a été pris 77 fois
  • Le résultat moyen est 5 sur 10
Statistiques - réponses
Question Réponse % Correct
Le Stade de France a été l'hôte de la finale de quelle compétition sportive ? Coupe du monde de football 1998
82%
Quelle commune a été fusionnée avec Saint Denis ? Pierrefitte sur Seine
66%
Qui a écrit la chanson "Saint Denis" ? Grand Corps Malade
62%
Quelle entreprise a son siège social à Saint Denis ? SNCF
62%
Quel sport n'était pas à Saint Denis pendant les Jeux Olympiques 2024 ? Escrime
61%
Laquelle de ces lignes de métro ne passe pas à Saint Denis ? 8
59%
Lequel de ces rois de France n'est pas enterré dans la Basilique de Saint Denis ? Charlemagne
48%
Quel quartier était autrefois un bidonville ? Franc-Moisin
39%
À quelle ville était autrefois associée l'université Paris-VIII ? Vincennes
20%
Laquelle de ces photos n'a pas été prise à Saint Denis ?
18%
Aucun quiz correspondant
Distribution des résultats
% des personnes avec chaque résultat
Percentile par nombre de réponses
Votre historique - résultats
Vous n’avez pas pris ce quiz